Cỏ dại trong ruộng lúa và biện pháp phòng trừ

সংরক্ষণ করুন:
গ্রন্থ-পঞ্জীর বিবরন
প্রধান লেখক: Nguyễn Mạnh Chính
বিন্যাস: গ্রন্থ
ভাষা:Undetermined
প্রকাশিত: H. Nông Nghiệp 2002
বিষয়গুলি:
ট্যাগগুলো: ট্যাগ যুক্ত করুন
কোনো ট্যাগ নেই, প্রথমজন হিসাবে ট্যাগ করুন!
Thư viện lưu trữ: Trung tâm Học liệu Trường Đại học Cần Thơ
LEADER 00564nam a2200169Ia 4500
001 CTU_52406
008 210402s9999 xx 000 0 und d
082 |a 632.954 
082 |b Ch312 
100 |a Nguyễn Mạnh Chính 
245 0 |a Cỏ dại trong ruộng lúa và biện pháp phòng trừ 
245 0 |c Nguyễn Mạnh Chính và Mai Thành Phụng 
260 |a H. 
260 |b Nông Nghiệp 
260 |c 2002 
650 |a plants, protection of,weeds - control,herbicides 
980 |a Trung tâm Học liệu Trường Đại học Cần Thơ